Normal view
MARC view
Entry Término temático
001 - NÚMERO DE CONTROL
- campo de control: 6508
003 - IDENTIFICADOR DEL NÚMERO DE CONTROL
- campo de control: OSt
005 - FECHA Y HORA DE LA ÚLTIMA TRANSACCIÓN
- campo de control: 20200615032136.0
008 - DATOS DE LONGITUD FIJA
- campo de control de longitud fija: 200615|| aca||aabn | a|a d
040 ## - FUENTE DE LA CATALOGACIÓN
- Centro catalogador/agencia de origen: OSt
- Centro/agencia transcriptor: OSt
150 ## - ENCABEZAMIENTO--TÉRMINO DE MATERIA
- Término de materia o nombre geográfico como elemento de entrada: ADMINISTRACIÓN MUNICIPAL
- Subdivisión geográfica: SANTO DOMINGO (REPÚBLICA DOMINICANA)
- Subdivisión general: MEDIDAS DE SEGURIDAD
670 ## - FUENTE DE DATOS ENCONTRADOS
- Cita de la fuente: Work cat.: (OSt)1877: República Dominicana. Ayuntamiento del Distrito Nacional 6506, Encuesta del gobierno de la seguridad en el Distrito Nacional /, 2011.
